[Event "Pan American Intercollegiate-chT"]
[Site "South Padre Island"]
[Date "2009.12.28"]
[Round "3"]
[White "Kritz, Leonid"]
[Black "Quan, Zhe"]
[Result "1-0"]
[WhiteElo "2607"]
[BlackElo "2416"]
[Annotator "Kritz,L"]
[PlyCount "103"]
[EventDate "2009.12.27"]
[EventType "team-swiss"]
[EventRounds "6"]
[EventCountry "USA"]
[SourceTitle "CBM 134"]
[Source "ChessBase"]
[SourceDate "2010.01.18"]
[SourceVersion "1"]
[SourceVersionDate "2010.01.18"]
[SourceQuality "1"]

1. e4 c5 2. Nf3 d6 3. d4 cxd4 4. Nxd4 Nf6 5. Nc3 a6 6. Bg5 (6. Be3 e5 ({
Eine interessante Fortsetzung ist} 6... Ng4 $5 7. Bg5 h6 8. Bh4 g5 9. Bg3 Bg7
$132) ({Ein anderer riesiger Theorieblock beginnt mit} 6... e6 7. f3 (7. Be2 {
führt zur Scheveningenvariante.}) 7... b5 8. Qd2 Nbd7 9. g4 $132 {Die moderne
Theorie in dieser Variante geht bis zum 30. - 35. Zug.}) 7. Nb3 Be7 8. f3 Be6
9. Qd2 $132) 6... e6 7. f4 Be7 ({Lange Zeit galt} 7... Qb6 {als ausgleichend,
aber zuletzt sind so viele neue Ideen für Weiß gefunden worden, dass man als
Schwarzspieler äußerst ungerne mit der Dame rausläuft.} 8. Qd2 Qxb2 9. Rb1 Qa3
10. e5 (10. f5 Nc6 11. fxe6 fxe6 12. Nxc6 bxc6 13. e5 dxe5 14. Bxf6 gxf6 15.
Ne4 Qxa2 16. Rd1 Be7 17. Be2 O-O 18. O-O Ra7 19. Rf3 $44 {Grischuk - Anand 
(Linares, 2009)}) 10... dxe5 11. fxe5 Nfd7 12. Ne4 h6 (12... Qxa2 13. Rd1 Qd5
14. Qe3 Qxe5 15. Be2 Bc5 16. O-O Bxd4 17. Rxd4 O-O 18. Bf6 $3 Nxf6 19. Nxf6+
gxf6 20. Re4 Qb2 21. Rg4+ Kh8 22. Qh6 Rg8 23. Rxg8+ Kxg8 24. Rf3 $18 {
Cheparinov - Roeder (Kallithea, 2008)}) 13. Bh4 Qxa2 14. Rd1 Qd5 15. Qe3 Bc5 (
15... Qxe5 16. Be2 Bc5 17. Bg3 Bxd4 18. Rxd4 Qa5+ 19. Rd2 O-O 20. Bd6 Nc6 21.
Bxf8 Nxf8 22. O-O Bd7 23. Nd6 $36 {Anand - Van Wely (Wijk aan Zee, 2007)}) 16.
Nxe6 Bb4+ 17. c3 Qxe6 18. cxb4 O-O 19. Rd6 Qxe5 20. Bc4 Nc6 21. O-O Qh5 22. Qf4
Nde5 23. Rxh6 {1-0 Shirov - Wang Hao (Dagomys, 2009)} Qxh6 24. Nf6+ Kh8 25. Bg5
$18) 8. Qf3 Qc7 9. O-O-O Nbd7 (9... b5 $6 10. Bxf6 Bxf6 ({Einfach schlecht
steht Schwarz nach} 10... gxf6 11. f5 $16) 11. Bxb5+ $1 axb5 12. Ndxb5 Qc6 (
12... Qc5 13. Nxd6+ Ke7 14. e5 $18) 13. Rxd6 Qb7 14. Rxe6+ $1 $18) 10. Bd3 h6 {
Das ist die Idee der Variante Be7 - Schwarz will h6-g5 spielen, und die
schwarzen Felder im Zentrum okkupieren. Der Preis, den er dafür zahlt, ist die
Zeit.} (10... b5 11. Rhe1 Bb7 12. Qh3 (12. Qg3 b4 13. Nd5 exd5 14. exd5 Kd8 15.
Nc6+ Bxc6 16. dxc6 Nc5 17. Bc4 $44 {Shirov - Van Wely (Foros, 2007)}) 12... b4
13. Nce2 Nc5 14. Ng3 Rc8 15. e5 dxe5 16. fxe5 Nxd3+ 17. Rxd3 Bc5 18. Ngf5 Bxd4
19. Nd6+ Ke7 20. exf6+ gxf6 21. Nf5+ Ke8 22. Nxd4 fxg5 23. Qh5 $44 {Granda
Zuniga - Estevez Hernandez (El Sauzal, 2008)}) 11. Bh4 g5 (11... b5 12. e5 $5
Bb7 13. Nxe6 fxe6 14. Bg6+ Kd8 15. exf6 gxf6 16. Qh3 b4 17. Ne2 Rg8 18. Nd4 $18
{Fercec - Alfred (Pula, 2002)}) 12. fxg5 Ne5 13. Qe2 Nfg4 14. Nf3 hxg5 (14...
Nxf3 15. gxf3 hxg5 16. Bg3 Ne5 17. h4 gxh4 18. f4 Nxd3+ 19. Rxd3 Bd7 20. Qe1
Bc6 21. Rxh4 Bxh4 22. Bxh4 $44 {Lastin - Bragin (Vladimir, 2004)}) 15. Bg3 Bd7
16. h3 Nxf3 {In der Partie gegen Ivanchuk hat mein Gegner Nf6 gespielt, und
konnte nicht ausgleichen:} (16... Nf6 17. Nxe5 dxe5 18. Bf2 $1 {Der Läufer
muss sich sofort zurückziehen, um nach Nh5 g3 zu haben.} Bc6 19. Rhf1 Nh5 20.
g3 $16 {Ivanchuk - Quan Zhe (Edmonton, 2005). Schwarz hat das Problem, dass er
den Springer nicht ins Spiel bringen kann.}) 17. hxg4 Nh4 (17... Rxh1 18. Rxh1
Nh4 19. e5 d5 20. Rf1 $16) 18. e5 $1 $146 d5 19. Bf2 $1 $16 {Vorgeschlagen von
GM Eugene Perelshteyn. Weiß überführt seinen Läufer nach d4, spielt g3 und
fängt an, die schwarzen Figuren an die Verteidigung des Bauern f7 zu binden.}
O-O-O 20. Bd4 (20. g3 Ng6 21. Bxg6 $2 {Das ist nicht die richtige Spielweise.
Man sollte den schwarzen Springer auf dem Brett lassen, weil er sehr schlecht
ist. Dazu kommt noch der schwarze Bauer f7 als Angriffsziel. Nach dem Tausch
auf g6 ist es gar nicht so einfach, einen Vorteil zu bekommen, der weiße
Läufer ist auch nicht sehr gut.} fxg6 22. Bd4 Rdf8 23. Qd3 Be8 $13 {Es ist
unklar, wie man voran kommen kann.}) 20... Rhg8 $6 {Schwarz hat Angst vor der
Verdoppelung der Bauern - grundlos. Es wäre besser, die h-Linie nicht
aufzugeben, oder zumindest ein Paar Türme zu tauschen.} (20... Ng6 $1 {/\Nf4}
21. g3 Rxh1 22. Rxh1 Rf8 23. Rf1 $16) 21. g3 Ng6 22. Qe3 {/\Bxg6-Bb6} Rdf8 23.
Rh7 Qc6 24. Rf1 Nh8 $18 {Man muss keinen konkreten Gewinnplan für Weiß sehen,
um die Stellung einzuschätzen. Mit dem Springer auf h8 und dem Turm auf g8,
die beide keinen Zug machen können, ist es klar, dass Schwarz auf Verlust
steht. Leider ist es mir doch noch gelungen, den Kampf spannend zu machen...}
25. Ba7 $1 {Das ist ein sehr guter Zug! Schwarz wollte Kb8-Rc8 spielen und
sich zumindest einwenig mobilisieren. Ich nehme ihm diese Möglichkeit weg und
erzwinge den Zug b5, der eindeutig eine weitere Schwächung ist.} b5 26. Kb1 ({
Der erste Impuls ist} 26. Ne4 $5 {leider funktioniert die Kombination nicht:}
dxe4 27. Bxe4 Qc7 (27... Qc4 28. Qb6 $3 Qxf1+ (28... Bc6 29. Rd1 Bd5 30. Rxd5
exd5 31. Bf5#) 29. Kd2 Bb4+ 30. c3 Bd6 31. Bb7#) 28. Bb6 Qxe5 $1 (28... Qc4 29.
Rd1 Bc6 30. Rd4 Qf1+ (30... Bc5 31. Bxc5 Qxc5 32. Rd8+ Kxd8 33. Qxc5 Bxe4 34.
Qd4+ Bd5 35. Qb6+ Kd7 36. Qd6+ Kc8 37. Qxa6+ Bb7 38. Qxb5 $18) 31. Kd2 Rd8 32.
Bxc6 $18) 29. Bb7+ Kxb7 30. Qxe5 Kxb6 31. Qd4+ Kc6 32. Rf3 b4 $13 {und Schwarz
lebt noch. Weiß hat diese Komplikationen nicht nötig.}) 26... Bb4 27. Qd4 $1 {
Weiß provoziert den Abtausch auf c3. Gibt Schwarz seinen schwarzfeldrigen
Läufer, kann man gleich nach Hause gehen.} Be7 $1 {Richtige Entscheidung,
selbst wenn es Zeitverlust ist.} (27... Bxc3 28. bxc3 Kb7 29. Bc5 Rc8 30. Bb4
$18) 28. a3 (28. Ne2 {führt ebenfalls zu riesigem Vorteil.} Kb7 29. Nc1 $1 Rc8
(29... Ra8 30. Nb3 $18) 30. Nb3 Qc7 31. Qe3 $18) 28... Kb7 {Auf diesen Zug
habe ich gewartet, um das Springermanöver durchzuführen:} 29. Ne4 $1 {Schwarz
kann auf e4 nicht nehmen, weil er dann die Dame verliert.} Rc8 (29... dxe4 $4
30. Bxe4 Qxe4 31. Qxe4+ Kxa7 32. Qd4+ $18) (29... Ra8 $2 30. Bc5 $18) 30. b4 $2
{Solch ein Zug kann nur dann gut sein, wenn er sofort zum Gewinn führt,
ansonsten kann die Schwächung des eigenen Königs nicht gerechtfertigt werden.}
(30. Nf6 $1 {Einfach und stark.} Bxf6 (30... Rgd8 31. Qe3 $18) 31. Rxf6 Ra8 32.
Bc5 Rgc8 33. Bd6 $18 {Keine Chance für Schwarz.}) 30... Qc7 $1 {Diese Reaktion
meines Gegners habe ich übersehen.} 31. Nf6 Rgd8 $1 ({Es verliert} 31... Bxf6
32. Rxf6 Ng6 {wegen} 33. Rfxf7 $1 (33. Bxg6 $5 Rxg6 34. Rf2 Be8 35. Bc5 $16)
33... Nxe5 34. Bb6 Qd6 (34... Qxb6 35. Qxe5 $18) 35. Bc5 Qc7 36. Re7 $18) 32.
Qe3 $6 {Ein Fehler wird gefolgt vom nächsten.} (32. Bc5 $1 Bxc5 33. bxc5 $18 {
Der weiße Plan ist einfach: Rfh1-R1h5-Rxg5... Schwarz seinerseits kann dem
Plan nichts entgegensetzen.}) 32... a5 $1 {Nun zahlt Weiß für seine
Nachlässigkeit.} 33. Bc5 $1 {Besser später als nie.} (33. Nxd7 Qxd7 $1 34. Qb6+
Ka8 35. Bxb5 Qxa7 36. Bc6+ Rxc6 37. Qxc6+ Kb8 $13) 33... Bxc5 34. bxc5 (34.
Qxc5 $5 {Vielleicht wäre das die bessere Wahl gewesen. Die weißen Figuren sind
zu aktiv.} Qxc5 35. bxc5 Kc6 (35... Rxc5 $2 36. Nxd7 Rxd7 37. Rxh8 $18) 36.
Rfh1 Ng6 37. Bxg6 fxg6 38. Re7 Rc7 39. Rhh7) 34... b4 35. axb4 (35. Qd4 $5 bxa3
36. Ka2 Ka8 37. Rb1 Rb8 38. Rb6 $18) 35... axb4 36. Qd4 {Schwarz bekommt die
ersten wirklichen Chancen, das Spiel zu drehen.} Kc6 $1 (36... Qa5 37. Rxh8
Rxh8 38. Nxd7 Ra8 39. Qb2 $1 $16 (39. Nb6 Qa2+ 40. Kc1 Qa1+ 41. Qxa1 Rxa1+ 42.
Kb2 Rxf1 43. Bxf1 Kc6 $15)) 37. Rh6 $2 {Nun wird die Stellung völlig auf den
Kopf gedreht. Man könnte die Partie immer noch schön abschließen:} (37. Nxd5 $3
exd5 38. Rhxf7 $3 Nxf7 (38... Kb7 39. Qxb4+ Ka8 40. R7f6 Rb8 41. Rb6 Rb7 42.
Rff6 Ra7 43. Rfd6 Nf7 44. Qd4 $1 Nxd6 45. exd6 Qc8 46. Qxd5+ Bc6 47. Qxc6+ Qxc6
48. Rxc6 $18) 39. Rf6+ Kb7 (39... Be6 40. Rxe6+ Kd7 41. Qxd5+ $18) 40. Qxb4+
Ka8 41. Ra6+ Qa7 42. Rxa7+ Kxa7 43. Qa5+ Kb8 44. e6 $1 Bxe6 45. Ba6 $18) 37...
Qa5 38. Nxd5 Qxc5 39. Nxb4+ Kb6 40. Qb2 {Der Versuch, nach allen Fehlern auf
Gewinn zu spielen. Jedoch wäre es schlauer, zu remisieren, weil in der Partie
Weiß ein wirkliches Verlustrisiko einging. Wir waren beide in tiefer Zeitnot
und die Anzahl der Fehler ist ziemlich groß.} ({Zum Remis führt} 40. Qxc5+ Rxc5
41. Rfh1 Ka5 (41... Ng6 42. Bxg6 fxg6 43. Nd3 Rb5+ 44. Kc1 Bc6 45. Re1 Rd4 46.
Rxg6 Rxg4 $44) 42. Rxh8 Rxh8 43. Rxh8 Kxb4 $11) 40... Bb5 (40... Ka5 $5 41. Na6
$1 (41. Qa3+ $4 Ba4 $19) 41... Qb6 42. Qxb6+ Kxb6 43. Nb4 Ka5 44. Na2 Rc5 45.
Re1 $14 {Weiß behält Reste seines Vorteils.}) 41. Rc1 (41. Bxb5 $1 {Im Zeitnot
muss man nach Möglichkeit risikofrei spielen.} Qxb5 42. Rhh1 Ng6 (42... Rc4 43.
c3 Qxe5 $2 44. Nd5+ Kc6 45. Qb6+ Kxd5 (45... Kd7 46. Rxh8 $1 Rxh8 47. Rxf7+ Ke8
48. Re7+ Kf8 49. Qd8#) 46. Rd1+ Ke4 47. Rde1+ $18) 43. Rxf7 Nxe5 44. Re7 $14)
41... Ka5 $1 {Ich habe nur mit 41....Rd4 gerechnet.} (41... Rd4 42. c4 Ka5 43.
Na2 Ba4 44. Qc3+ Kb6 45. Rh2 $18 {Weiß steht wieder auf Gewinn - diesmal
spielt er am Königsflügel.}) 42. Qa2+ $4 {Das ist ein eindeutiges Foulspiel.
Weiß musste auf b5 nehmen.} (42. Bxb5 Qxb4 $1 (42... Qxb5 43. Qa3+ Qa4 44.
Qxa4+ Kxa4 45. Nd3 Rd4 46. Rch1 Ng6 47. Rf1 $14) 43. Qxb4+ Kxb4 44. c4 (44. Bd3
Kc3 45. Rf1 Ra8 46. Rf3 $1 {Trotz dieses Tricks, Schwarz gewinnt die Partie}
Rdb8+ 47. Bb5+ Kd4 48. c4 Ng6 $1 {Nach 24 Zügen kommt der Springer
entscheidend ins Spiel rein.} 49. Rxf7 Nxe5 50. Rc7 Ra4 51. Kc2 Ra2+ 52. Kb3
Rba8 $19) 44... Ng6 45. Rh5 Nxe5 46. Rxg5 Nf3 $15 {Schwarz steht etwas besser,
aber Weiß wird schon ein Remis schaffen.}) 42... Ba4 $2 {Ein Gegenfehler. 42...
.Kb6 führte zur Zugwiederholung, 42....Kxb4! ... zum vermutlichen Partiegewinn.
} (42... Kb6 43. Qb3 Ka5 44. Qa2+ Kb6 $11) (42... Kxb4 $1 43. c3+ Qxc3 44. Rxc3
Rxc3 45. Bc2 (45. Bxb5 Rd1+ 46. Kb2 Rd2+ 47. Kb1 Rxa2 48. Kxa2 Ng6 $19) (45.
Qb2+ Rb3 46. Qxb3+ Kxb3 47. Bxb5 Rd1#) 45... Rxc2 $3 (45... Rd2 46. Qb2+ Kc4
47. Rxh8 Rdxc2 48. Qxc2 Rxc2 49. Kxc2 $18) 46. Kxc2 (46. Qxc2 Bd3 47. Qxd3 Rxd3
48. Rxh8 Rxg3 49. Rf8 Rxg4 50. Rxf7 Re4 51. Kc2 Kc4 $18) 46... Ba4+ 47. Kc1
Rd1+ 48. Kb2 Rd2+ 49. Kb1 Rxa2 50. Kxa2 Ng6 $19) 43. c3 {Nun ist die weiße
Stellung wieder in Ordnung! Demnächst kommt Rh2-Rb2 und der schwarze König
wird mit allen Figuren angegriffen.} Rd4 $2 {Schwarz hat in Zeitnot die
Kontrolle über das Geschehen verloren und erlaubt Weiß, die Partie forciert zu
beenden.} 44. Bc2 (44. Ka1 $5 Qxe5 45. Qa3 Rxg4 46. Rh2 $18) 44... Rxb4+ 45.
cxb4+ Qxb4+ 46. Qb2 Rb8 (46... Bxc2+ 47. Rxc2 Rxc2 (47... Qe1+ 48. Ka2 Rxc2 49.
Qxc2 Qxe5 50. Qd2+ Kb5 51. Rh5 $18) 48. Qxb4+ Kxb4 49. Kxc2 Ng6 50. Rh5 $18) (
46... Qf8 47. Bxa4 Rxc1+ (47... Rb8 48. Bb3 $18) 48. Kxc1 Kxa4 49. Rh2 $18) 47.
Qxb4+ Kxb4 48. Bxa4 Kxa4+ 49. Kc2 {Nun ist es vorbei - der schwarze König ist
abgeschnitten, der Springer immer noch auf h8...} Rc8+ 50. Kd2 Rd8+ 51. Ke3 Ng6
52. Ke4 {Nach 52...Rd5 gewinnt 53.Rxg6 fxg6 54.Rc6 - Rxe6-Rxg6...} 1-0

[Event "Olympiad-23"]
[Site "Buenos Aires"]
[Date "1978.10.27"]
[Round "3"]
[White "Wibe, Terje Paul"]
[Black "Ljubojevic, Ljubomir"]
[Result "0-1"]
[WhiteElo "2420"]
[BlackElo "2605"]
[Annotator "Ljubojevic,L"]
[PlyCount "74"]
[EventDate "1978.10.25"]
[EventType "team-swiss"]
[EventRounds "14"]
[EventCountry "ARG"]
[SourceTitle "EXT 2000"]
[Source "ChessBase"]
[SourceDate "1999.11.16"]
[SourceVersion "1"]
[SourceVersionDate "1999.11.16"]
[SourceQuality "1"]
[WhiteTeam "Norway"]
[BlackTeam "Yugoslavia"]
[WhiteTeamCountry "NOR"]
[BlackTeamCountry "YUG"]

{Inf.26/508} 1. e4 c5 2. Nf3 d6 3. d4 Nf6 4. Nc3 cxd4 5. Nxd4 a6 6. Bg5 e6 7.
f4 Be7 8. Qf3 h6 9. Bh4 Qc7 10. O-O-O Nbd7 11. Bd3 g5 12. fxg5 Ne5 13. Qe2 Nfg4
14. Nf3 Nxf3 15. gxf3 hxg5 16. Bg3 Ne5 17. h4 gxh4 18. f4 Nxd3+ $5 19. Rxd3 Bd7
20. f5 (20. Bf2 $5) 20... O-O-O 21. Bh2 Bc6 22. fxe6 fxe6 23. Qg4 Qd7 24. Rhd1
Rhg8 25. Qf3 (25. Qh3 e5 26. Qf3 Qg4) 25... Rdf8 26. Qh1 $2 (26. Qe2 $1 e5 27.
Bxe5 Qg4 28. Qxg4+ Rxg4 29. Bxd6 Bxd6 30. Rxd6 Bxe4 31. Nxe4 Rxe4 $15) 26...
Rf2 $17 27. Rf3 (27. Bxd6 Rgg2 $19) 27... Rfg2 28. Kb1 Qe8 29. Rfd3 e5 30. Bg1
Qg6 31. Bb6 Bxe4 $19 32. Nxe4 Qxe4 33. Qh3+ Kb8 34. Rc3 Qg4 35. Qd3 Rg3 36.
Bc7+ Ka8 37. Qd5 Qxd1+ 0-1

[Event "EU-ch 11th"]
[Site "Rijeka"]
[Date "2010.03.17"]
[Round "11"]
[White "Motylev, Alexander"]
[Black "Sjugirov, Sanan"]
[Result "1/2-1/2"]
[WhiteElo "2705"]
[BlackElo "2602"]
[Annotator "Marin,M"]
[PlyCount "77"]
[EventDate "2010.03.06"]
[EventType "swiss"]
[EventRounds "11"]
[EventCountry "CRO"]
[SourceTitle "CBM 136"]
[Source "ChessBase"]
[SourceDate "2010.05.18"]
[SourceVersion "1"]
[SourceVersionDate "2010.05.18"]
[SourceQuality "1"]

1. e4 c5 2. Nf3 d6 3. d4 cxd4 4. Nxd4 Nf6 5. Nc3 a6 6. Bg5 e6 7. f4 Be7 8. Qf3
Qc7 9. O-O-O Nbd7 10. g4 b5 11. Bxf6 Nxf6 12. g5 Nd7 13. f5 Bxg5+ 14. Kb1 O-O
15. fxe6 Nb6 16. Nd5 Nxd5 17. exd5 fxe6 18. Qg4 e5 19. Qxg5 exd4 20. Bd3 g6 21.
Rhf1 (21. h4 {Radjabov,T (2742)-Cheparinov,I (2670)/Crete 2007/CBM 121/
[Ftacnik] (1/2, 34)}) 21... Qg7 $146 (21... Bh3 22. Rg1 Qf7 23. Qh6 Bf5 24.
Rdf1 Qxd5 25. Rg5 Qe5 26. a3 $1 $16 {Paramos Dominguez,R (2436)-Rubio Mejia,L 
(2371)/Barbera del Valles 2009/CBM 131 Extra (1-0, 40)}) 22. Rxf8+ Qxf8 23.
Bxg6 hxg6 24. Qxg6+ Qg7 25. Qe8+ Kh7 26. Rf1 Kh6 27. Qe1 Qg5 28. Rf8 b4 29. Qf1
Qe7 30. Rh8+ Kg7 31. Rh5 Kg6 32. Rh8 Kg7 33. Rh5 Qe3 34. Qg2+ Kf6 35. Qf1+ Kg7
36. Qg2+ Kf6 37. Qf1+ Kg7 38. Qg2+ Kf6 39. Qf1+ 1/2-1/2

[Event "Ankara FIDE GP (Women)"]
[Site "Ankara"]
[Date "2012.09.27"]
[Round "10"]
[White "Kosintseva, Tatiana"]
[Black "Ju, Wenjun"]
[Result "1-0"]
[WhiteElo "2524"]
[BlackElo "2528"]
[Annotator "Mikhalchishin,A"]
[PlyCount "59"]
[EventDate "2012.09.16"]
[EventType "tourn"]
[EventRounds "11"]
[EventCountry "TUR"]
[EventCategory "10"]
[SourceTitle "CBM 151"]
[Source "ChessBase"]
[SourceDate "2012.11.13"]
[SourceVersion "1"]
[SourceVersionDate "2012.11.13"]
[SourceQuality "1"]

1. e4 c5 2. Nf3 d6 3. d4 cxd4 4. Nxd4 Nf6 5. Nc3 a6 6. Bg5 e6 7. f4 Be7 8. Qf3
Qc7 9. O-O-O Nbd7 10. g4 b5 11. Bxf6 Nxf6 12. g5 Nd7 13. f5 O-O {A very modern
line which was developed by Chinese players. White has tried different ways
trying to launch a fast attack.} 14. Qh5 $1 {This is one of the real novelties
prepared by Tatiana with her older sister Nadezhda after they played a few
games in this line recently. And they played the same Ju Wenjun, who is the
world's leading expert in this line!} (14. Rg1 {seems to be very logical:} b4
15. Nce2 e5 16. f6 exd4 17. fxe7 Re8 18. Nxd4 Ne5 19. Qf4 Be6 20. Nxe6 (20. Kb1
{promised nothing:} Rxe7 21. Nf5 Rd7 22. Rg2 Rad8 23. Ne3 d5 24. exd5 Bxd5 25.
Nxd5 Rxd5 26. Rgd2 Rxd2 27. Rxd2 Rxd2 28. Qxd2 a5 $11 {Kosteniuk,A (2439)-Ju
Wenjun (2543)/Beijing CHN 2011}) 20... fxe6 21. Rg3 Rab8 22. g6 h6 23. Kb1 a5
24. a4 Qxe7 25. Bb5 Rf8 26. Qd2 Rbd8 27. c3 bxc3 28. Qxc3 Qh4 {Groszpeter,A 
(2481)-Idani,P (2473)/Kecskemet HUN 2012. Thanks to the powerful knight e5
Black has very active counterplay.}) 14... b4 ({It was possible to stop the
transfer of the white rook d1 to the kingside by} 14... Ne5 15. a3 Rb8 16. Rg1
Rd8 17. Rg3 $1 {but the other rook can make his way there too!}) 15. Rd3 $1 {
Typical Sicilian transfer for a direct king assault.} bxc3 ({A very soft
defence was} 15... Bd8 16. Rh3 h6 17. Rg1 Qc5 18. gxh6 Qxd4 19. hxg7 {with
mate.}) 16. Rxc3 Qb6 ({One more option was} 16... Qd8 17. Rg1 Ne5 18. Rh3 h6
19. Nc6 $1 Nxc6 (19... Bxg5+ 20. Rxg5 Qf6 (20... Qxg5+ 21. Qxg5 hxg5 22. Ne7#)
21. Rhg3 hxg5 22. Rh3 Qh6 23. Ne7+ Kh8 24. f6 $1) 20. gxh6 Qa5 21. hxg7 Qe1+
22. Qd1 $1 {with a very nasty attack.}) 17. Nc6 Re8 $2 {This move loses the
game.} ({There is an incredible long forced line analysed by the Kosintseva
sisters which would end with a draw:} 17... Bf6 18. e5 $1 g6 $1 (18... dxe5 19.
Rh3 h6 20. gxh6 Qf2 21. Kd1 g6 22. fxg6 Bb7 23. g7 Bxc6 24. Qg4 Kh7 25. gxf8=N+
Nxf8 26. Bd3+ e4 (26... Kh8 27. Rf1 Qd4 28. Qxd4 exd4 29. Rxf6 $16) 27. Bxe4+
Bxe4 28. Qxe4+ Qf5 29. Qxf5+ exf5 30. Rf1 {with better chances in a sharp
endgame}) 19. Qh4 Bxe5 20. Ne7+ Kh8 (20... Kg7 $4 21. f6+ Bxf6 22. Qh6+ Kh8 23.
gxf6 $18) 21. fxg6 fxg6 22. Nxg6+ Kg7 23. Qh6+ Kg8 24. Ne7+ Kh8 25. Ng6+ Kg8
26. Ne7+ {with perpetual.}) 18. fxe6 ({It was also possible to win another way:
} 18. Nxe7+ Rxe7 19. f6 Re8 20. Rh3 Nf8 21. e5 Qb7 22. Rg1 Rb8 23. b3 Qa7 24.
g6 fxg6 25. Rxg6 Rb7 26. fxg7 Rxg7 27. Rxg7+ Qxg7 28. Qxe8 $18) 18... Ne5 ({
The other defence would leave White with a great material advantage:} 18...
Bxg5+ 19. Qxg5 Rxe6 20. Ne7+ Rxe7 21. Qxe7 Nf8 22. Bc4 $18) 19. exf7+ Nxf7 20.
Bc4 Be6 21. Bxe6 Bxg5+ 22. Qxg5 Rxe6 23. Ne7+ Kf8 24. Qd5 $1 {A simple double
attack which finishes the game.} Kxe7 25. Qxa8 Qf2 26. Qb7+ Kf6 27. Qxa6 Qf4+
28. Kb1 Qxe4 29. Qf1+ Kg6 30. Rg3+ {There are some very useful conclusions
from this game for young players. As the great Mark Taimanov used to say -
every work will pay didivdends, sooner or later! It means, that if a young
player has analysed some variation deeply, but with the conclusion was that it
is not sufficient to achieve more than a draw, it is still useful to play this
line. Because the opponent, probably, did not put enough efforts into this
research. So the player wins, who knows the position better! Simple as that!}
1-0